• 首页
  • 本馆介绍
  • 公告通知
  • 最新文献
  • 馆藏检索
  • 电子资源
  • 读者荐购
  • 参考咨询
  • CALIS
  • 我的图书馆
  • 登录
  • 详细信息显示
  • 放入我的书架
  • 预约/预借图书
  • 作者相关作品
  • 分类相关作品
  • 丛书相关作品
  • 出版社相关作品

书目信息

  • 表格格式
  • 工作单格式
  • 卡片格式
题名:
中国注册会计师非标准无保留意见审计报告及范例
    
 
作者: 胡春元 , 王振林 编著
分册:  
出版信息: 北京   中国时代经济出版社  2003.08
页数: 362页
开本: 21cm
丛书名:
单 册:
中图分类: F239.22
科图分类:
主题词: 资本市场--审计--研究--中国
电子资源:
ISBN: 7-80169-426-0
 
 
 
 
 
000 01207nam0 2200253 450
001 010243323440
005 20050913142040.50
010    @a7-80169-426-0@dCNY24.00
100    @a20050913d2003 km y0chiy0120 ea
101 0  @achi
102    @aCN@b110000
105    @ay a 000yy
200 1  @a中国注册会计师非标准无保留意见审计报告及范例@Azhong guo zhu ce kuai ji shi fei biao zhun wu bao liu yi jian shen ji bao gao ji fan li@e案例源自中国证券市场@f胡春元, 王振林编著@Fhu chun yuan,wang zhen lin bian zhu
210    @a北京@c中国时代经济出版社@d2003.08
215    @a362页@d21cm
320    @a有书目 (第358-360页)。
330    @a本书较完整地概括总结了中国注册会计师事业的产生和发展,准确地运用了《企业会计制度》、《企业会计准则》,将《独立审计准则第7号--审计报告》和《中国注册会计师执业指南第5号--审计报告(试行)》(今年7月施行)融会贯通,经过精选精编的近70个范例,无论是什么类型的业务都能找到适合的报告范例。
517 1  @a案例源自中国证券市场@Aan li yuan zi zhong guo zheng quan shi chang
606 0  @a资本市场@x审计@x研究@y中国
690    @aF239.22@v4
701  0 @a胡春元@Ahu chun yuan@4编著
701  0 @a王振林@Awang zhen lin@4编著
801  0 @aCN@bQSSK@c20050913
905    @a10447@dF239.22@eH458
    
    中国注册会计师非标准无保留意见审计报告及范例:案例源自中国证券市场/胡春元, 王振林编著.-北京:中国时代经济出版社,2003.08
    362页;21cm
    
    
    ISBN 7-80169-426-0:CNY24.00
    本书较完整地概括总结了中国注册会计师事业的产生和发展,准确地运用了《企业会计制度》、《企业会计准则》,将《独立审计准则第7号--审计报告》和《中国注册会计师执业指南第5号--审计报告(试行)》(今年7月施行)融会贯通,经过精选精编的近70个范例,无论是什么类型的业务都能找到适合的报告范例。
●
相关链接 在E读中查询图书 在当当中查询图书 在豆瓣中查询图书


正题名:中国注册会计师非标准无保留意见审计报告及     索取号:F239.22/H458         预约/预借

序号 登录号 条形码 馆藏地/架位号 状态 备注
1 569976   205699760   社科库409/422社科库 38排4列3层/ [索取号:F239.22/H458] 在馆    
2 569977   205699779   社科库409/422社科库 38排4列3层/ [索取号:F239.22/H458] 在馆    
3 569978   205699788   社科库409/422社科库 38排4列3层/ [索取号:F239.22/H458] 在馆    
河南城建学院图书馆 欢迎您!
大连网信软件有限公司© 版权所有